000 00447nam a2200157 i 4500
001 29046
003 ES-MaACL
005 20230906153953.0
007 t|
008 030120s1934 sp ||||1| spa d
100 1 _aBallagas, Emilio.
_924965
245 1 0 _aCuaderno de poesía negra /
_cEmilio Ballagas.
260 _a[S.l. :
_bs.n.,
_c1934] (
_eSanta Clara :
_fImp. La Nueva)
300 _a19 p., 6 lám. ;
_c21 cm.
852 _aES-MaACL
_j1807-F-21
999 _c29046
_d29046